Statistics for Basel Best Scorer By Year

Click here to take the quiz!

General Stats

  • This quiz has been taken 68 times
    (25 since last reset)
  • The average score is 8 of 37

Answer Stats

Player% Correct
Alexander Frei
100%
Marco Streller
84%
Zeki Amdouni
63%
Christian Giménez
53%
Matías Emilio Delgado
53%
Seydou Doumbia
53%
Albian Ajeti
47%
Arthur
47%
Marc Janko
47%
Valentin Stocker
47%
Karl Odermatt
42%
Shkëlzen Gashi
42%
Mladen Petrić
26%
Erni Maissen
21%
Josef Hügi
11%
Scott Chipperfield
11%
Dario Zuffi
5%
Jean-Michel Tchouga
5%
Ottmar Hitzfeld
5%
Alexandre Rey
0%
Beat Sutter
0%
Detlev Lauscher
0%
Dieter Rüefli
0%
Gaetano Giallanza
0%
George Koumantarakis
0%
Gottlieb Stäuble
0%
Heinz Blumer
0%
Helmut Hauser
0%
Jörg Stohler
0%
Mario Frick
0%
Markus Pfirter
0%
Martin Jeitziner
0%
Peter Nadig
0%
Roberto Frigerio
0%
Roland Schönenberger
0%
Seppi Küttel
0%
Walter Balmer
0%

Score Distribution

Percentile by Number Answered

Percent of People with Each Score

Your Score History

You have not taken this quiz since the last reset